000 00464nam a2200193Ia 4500
005 20250423101055.0
008 250422s9999 xx 000 0 und d
020 _a0-13-880758-2
050 _aTA168.B58/
100 _aBenjamin S. Blanchard
245 0 _aSystem Enhineering and Analysis
250 _a2nd ed.
260 _aUSA
260 _bW. J. Fabrycky & J. H. Mize, editors
260 _c1990
300 _a721 p
650 _asciences
942 _cBK
999 _c35203
_d35203